[Event "European Individual Blitz Chess Championship 2016"]
[Site "?"]
[Date "2016.12.17"]
[Round "17.12"]
[White "Riazantsev, Alexander"]
[Black "Bartel, Mateusz"]
[Result "1-0"]
[BlackElo "2569"]
[WhiteElo "2678"]
[LiveChessVersion "1.4.7"]

1. d4 {[%clk 0:03:04]} e6 {[%clk 0:03:03]} 2. c4 {[%clk 0:03:04]} Bb4+
{[%clk 0:03:02]} 3. Bd2 {[%clk 0:03:04]} c5 {[%clk 0:03:01]} 4. Bxb4
{[%clk 0:03:05]} cxb4 {[%clk 0:03:02]} 5. e3 {[%clk 0:03:02]} Nf6
{[%clk 0:03:00]} 6. Nf3 {[%clk 0:03:02]} O-O {[%clk 0:02:58]} 7. Bd3
{[%clk 0:03:03]} d6 {[%clk 0:02:56]} 8. O-O {[%clk 0:03:03]} Nc6 {[%clk 0:02:54]}
9. Nbd2 {[%clk 0:03:03]} a5 {[%clk 0:02:51]} 10. Ne4 {[%clk 0:02:59]} Nxe4
{[%clk 0:02:38]} 11. Bxe4 {[%clk 0:03:00]} h6 {[%clk 0:02:18]} 12. h3
{[%clk 0:02:58]} Qe7 {[%clk 0:02:12]} 13. Rc1 {[%clk 0:02:46]} Rd8
{[%clk 0:02:06]} 14. Qc2 {[%clk 0:02:46]} Bd7 {[%clk 0:01:54]} 15. c5
{[%clk 0:02:47]} Be8 {[%clk 0:01:50]} 16. cxd6 {[%clk 0:02:47]} Rxd6
{[%clk 0:01:48]} 17. Qc5 {[%clk 0:02:42]} Kf8 {[%clk 0:01:36]} 18. Rc2
{[%clk 0:02:41]} Rdd8 {[%clk 0:01:34]} 19. Rfc1 {[%clk 0:02:40]} Qxc5
{[%clk 0:01:33]} 20. Rxc5 {[%clk 0:02:41]} Ra7 {[%clk 0:01:31]} 21. Bxc6
{[%clk 0:02:30]} Bxc6 {[%clk 0:01:25]} 22. Ne5 {[%clk 0:02:31]} Be8
{[%clk 0:01:27]} 23. Rc7 {[%clk 0:02:32]} Rda8 {[%clk 0:01:25]} 24. Nc4
{[%clk 0:02:07]} Rd8 {[%clk 0:01:10]} 25. Nb6 {[%clk 0:01:49]} g5
{[%clk 0:01:01]} 26. R1c5 {[%clk 0:01:29]} Kg7 {[%clk 0:00:59]} 27. Re7
{[%clk 0:01:10]} Ra6 {[%clk 0:00:36]} 28. Nc4 {[%clk 0:01:10]} Rc6
{[%clk 0:00:29]} 29. Nxa5 {[%clk 0:00:58]} Rxc5 {[%clk 0:00:27]} 30. dxc5
{[%clk 0:01:00]} Kf6 {[%clk 0:00:19]} 31. Rxb7 {[%clk 0:01:00]} Ra8
{[%clk 0:00:20]} 32. Nc4 {[%clk 0:00:56]} Rxa2 {[%clk 0:00:20]} 33. Nd6
{[%clk 0:00:56]} Bc6 {[%clk 0:00:21]} 34. Rxb4 {[%clk 0:00:45]} Ra1+
{[%clk 0:00:17]} 35. Kh2 {[%clk 0:00:46]} Rc1 {[%clk 0:00:18]} 36. Rc4
{[%clk 0:00:47]} Rb1 {[%clk 0:00:16]} 37. b4 {[%clk 0:00:49]} Ke7
{[%clk 0:00:16]} 38. h4 {[%clk 0:00:42]} f6 {[%clk 0:00:15]} 39. hxg5
{[%clk 0:00:42]} hxg5 {[%clk 0:00:16]} 40. e4 {[%clk 0:00:38]} e5
{[%clk 0:00:16]} 41. f3 {[%clk 0:00:39]} Ke6 {[%clk 0:00:16]} 42. b5
{[%clk 0:00:32]} Bxb5 {[%clk 0:00:14]} 43. Nxb5 {[%clk 0:00:33]} Rxb5
{[%clk 0:00:15]} 44. c6 {[%clk 0:00:32]} Rb8 {[%clk 0:00:16]} 45. c7
{[%clk 0:00:33]} Rc8 {[%clk 0:00:17]} 46. Kg3 {[%clk 0:00:34]} Kd5 1-0

[Event "European Individual Blitz Chess Championship 2016"]
[Site "?"]
[Date "2016.12.17"]
[Round "17.28"]
[White "Karttunen, Mika"]
[Black "Reprintsev, Alexander"]
[Result "1-0"]
[BlackElo "2332"]
[WhiteElo "2481"]
[LiveChessVersion "1.4.7"]

1. d4 {[%clk 0:03:02]} d5 {[%clk 0:03:04]} 2. Nf3 {[%clk 0:03:02]} Nc6
{[%clk 0:03:04]} 3. Bf4 {[%clk 0:03:00]} Bg4 {[%clk 0:03:05]} 4. h3
{[%clk 0:02:56]} Bxf3 {[%clk 0:03:03]} 5. exf3 {[%clk 0:02:57]} e6
{[%clk 0:03:04]} 6. c3 {[%clk 0:02:55]} Bd6 {[%clk 0:03:05]} 7. Be3
{[%clk 0:02:54]} Nge7 {[%clk 0:03:06]} 8. Bd3 {[%clk 0:02:54]} Qd7
{[%clk 0:03:05]} 9. Qc2 {[%clk 0:02:51]} e5 {[%clk 0:02:51]} 10. a3
{[%clk 0:02:49]} exd4 {[%clk 0:02:51]} 11. cxd4 {[%clk 0:02:49]} O-O-O
{[%clk 0:02:44]} 12. Nc3 {[%clk 0:02:48]} g6 {[%clk 0:02:39]} 13. Nb5
{[%clk 0:02:46]} a6 {[%clk 0:02:38]} 14. Nxd6+ {[%clk 0:02:40]} Qxd6
{[%clk 0:02:39]} 15. O-O {[%clk 0:02:38]} f5 {[%clk 0:02:38]} 16. f4
{[%clk 0:02:36]} Ng8 {[%clk 0:02:38]} 17. b4 {[%clk 0:02:37]} Nb8
{[%clk 0:02:15]} 18. Rfc1 {[%clk 0:02:28]} Nf6 {[%clk 0:02:14]} 19. Qa4
{[%clk 0:02:26]} c6 {[%clk 0:02:00]} 20. b5 {[%clk 0:02:26]} axb5
{[%clk 0:02:00]} 21. Bxb5 {[%clk 0:02:27]} Rhe8 {[%clk 0:01:57]} 22. Qa8
{[%clk 0:02:19]} Nfd7 {[%clk 0:01:38]} 23. Rab1 {[%clk 0:02:13]} Nb6
{[%clk 0:01:36]} 24. Qa5 {[%clk 0:02:12]} Nc4 {[%clk 0:01:35]} 25. Bxc4
{[%clk 0:02:10]} dxc4 {[%clk 0:01:36]} 26. Rxc4 {[%clk 0:02:11]} Rd7
{[%clk 0:01:34]} 27. Rd1 {[%clk 0:01:52]} Qc7 {[%clk 0:01:34]} 28. Qa8
{[%clk 0:01:36]} Rd5 {[%clk 0:01:32]} 29. Rc5 {[%clk 0:01:35]} Red8
{[%clk 0:01:33]} 30. Rdc1 {[%clk 0:01:32]} Qb6 {[%clk 0:01:25]} 31. Qa4
{[%clk 0:01:21]} Kc7 {[%clk 0:01:14]} 32. Qc4 {[%clk 0:01:20]} Na6
{[%clk 0:01:07]} 33. Rxd5 {[%clk 0:01:21]} Rxd5 {[%clk 0:01:06]} 34. Qxd5
{[%clk 0:01:22]} 1-0

[Event "European Individual Blitz Chess Championship 2016"]
[Site "?"]
[Date "2016.12.17"]
[Round "18.24"]
[White "Tregubov, Pavel V."]
[Black "Turov, Maxim"]
[Result "1-0"]
[BlackElo "2608"]
[WhiteElo "2397"]
[LiveChessVersion "1.4.7"]

1. d4 {[%clk 0:03:03]} Nf6 {[%clk 0:03:03]} 2. c4 {[%clk 0:03:04]} e6
{[%clk 0:03:05]} 3. Nc3 {[%clk 0:03:06]} Bb4 {[%clk 0:03:06]} 4. e3
{[%clk 0:03:07]} O-O 5. Bd3 c5 {[%clk 0:02:58]} 6. Nge2 {[%clk 0:03:09]} d5
{[%clk 0:02:55]} 7. cxd5 {[%clk 0:03:09]} cxd4 {[%clk 0:02:46]} 8. exd4
{[%clk 0:03:10]} Nxd5 {[%clk 0:02:47]} 9. O-O {[%clk 0:03:09]} Nc6
{[%clk 0:02:47]} 10. Nxd5 {[%clk 0:03:09]} exd5 {[%clk 0:02:43]} 11. Nf4
{[%clk 0:03:10]} Bd6 {[%clk 0:02:35]} 12. Re1 {[%clk 0:03:10]} Bxf4
{[%clk 0:02:15]} 13. Bxf4 {[%clk 0:03:11]} Qf6 {[%clk 0:02:13]} 14. Be5
{[%clk 0:02:57]} Nxe5 {[%clk 0:02:08]} 15. dxe5 {[%clk 0:02:57]} Qb6
{[%clk 0:02:04]} 16. b3 {[%clk 0:02:21]} Be6 {[%clk 0:02:01]} 17. Qh5
{[%clk 0:02:14]} g6 {[%clk 0:01:56]} 18. Qh6 {[%clk 0:02:15]} Rac8
{[%clk 0:01:49]} 19. Rad1 {[%clk 0:02:06]} Rc3 {[%clk 0:01:31]} 20. h4
{[%clk 0:02:02]} Rfc8 {[%clk 0:00:56]} 21. h5 {[%clk 0:01:58]} Bg4
{[%clk 0:00:56]} 22. hxg6 {[%clk 0:01:57]} hxg6 {[%clk 0:00:29]} 23. e6
{[%clk 0:01:51]} Bxd1 {[%clk 0:00:05]} 24. Bxg6 {[%clk 0:00:58]} fxg6
{[%clk 0:00:03]} 25. Qxg6+ {[%clk 0:00:59]} Kh8 {[%clk 0:00:04]} 26. Qf6+
{[%clk 0:00:55]} Kh7 {[%clk 0:00:05]} 27. Qf7+ {[%clk 0:00:52]} Kh8
{[%clk 0:00:06]} 28. e7 {[%clk 0:00:51]} Qc6 {[%clk 0:00:06]} 29. e8=Q+
{[%clk 0:00:47]} 1-0

[Event "European Individual Blitz Chess Championship 2016"]
[Site "?"]
[Date "2016.12.18"]
[Round "19.14"]
[White "Grigoriants, Sergey"]
[Black "Navara, David"]
[Result "0-1"]
[BlackElo "2754"]
[WhiteElo "2590"]
[LiveChessVersion "1.4.7"]

1. e4 {[%clk 0:03:03]} c5 {[%clk 0:03:03]} 2. Nc3 {[%clk 0:03:00]} Nc6
{[%clk 0:03:00]} 3. Nf3 {[%clk 0:02:58]} g6 {[%clk 0:02:47]} 4. d4
{[%clk 0:02:44]} cxd4 {[%clk 0:02:48]} 5. Nxd4 {[%clk 0:02:45]} Bg7
{[%clk 0:02:48]} 6. Be3 {[%clk 0:02:32]} Nf6 {[%clk 0:02:48]} 7. Bc4
{[%clk 0:02:33]} O-O {[%clk 0:02:43]} 8. Bb3 {[%clk 0:02:33]} d6 {[%clk 0:02:39]}
9. f3 {[%clk 0:02:32]} Bd7 {[%clk 0:02:38]} 10. Qd2 {[%clk 0:02:25]} Nxd4
{[%clk 0:02:38]} 11. Bxd4 {[%clk 0:02:26]} b5 {[%clk 0:02:39]} 12. a4
{[%clk 0:02:27]} bxa4 {[%clk 0:02:39]} 13. Nxa4 {[%clk 0:02:17]} Be6
{[%clk 0:02:39]} 14. Bxe6 {[%clk 0:02:01]} fxe6 {[%clk 0:02:40]} 15. O-O
{[%clk 0:02:02]} Qc7 {[%clk 0:02:35]} 16. Kh1 {[%clk 0:01:37]} Rfc8
{[%clk 0:02:35]} 17. Nc3 {[%clk 0:01:23]} a6 {[%clk 0:02:35]} 18. Ra2
{[%clk 0:01:01]} Qc4 {[%clk 0:02:30]} 19. Qd3 {[%clk 0:00:40]} Rab8
{[%clk 0:02:02]} 20. Rd1 {[%clk 0:00:23]} Nxe4 {[%clk 0:01:45]} 21. Qxe4
{[%clk 0:00:18]} Bxd4 {[%clk 0:01:41]} 22. Qxd4 {[%clk 0:00:19]} Qxd4
{[%clk 0:01:41]} 23. Rxd4 {[%clk 0:00:20]} Rxc3 {[%clk 0:01:41]} 24. Rd2
{[%clk 0:00:17]} Rc6 {[%clk 0:01:40]} 25. Kg1 {[%clk 0:00:17]} Rbc8
{[%clk 0:01:23]} 26. c3 {[%clk 0:00:19]} e5 {[%clk 0:01:18]} 27. Kf2
{[%clk 0:00:20]} Kf7 {[%clk 0:01:19]} 28. Ke2 {[%clk 0:00:21]} g5
{[%clk 0:01:14]} 29. Rd5 {[%clk 0:00:21]} Rb8 {[%clk 0:01:11]} 30. Kd3
{[%clk 0:00:18]} Ke6 {[%clk 0:01:08]} 31. Rda5 {[%clk 0:00:19]} h5
{[%clk 0:00:38]} 32. b4 {[%clk 0:00:19]} Rbb6 {[%clk 0:00:39]} 33. h3
{[%clk 0:00:20]} Kf5 {[%clk 0:00:39]} 34. R2a4 {[%clk 0:00:17]} e6
{[%clk 0:00:32]} 35. g3 {[%clk 0:00:17]} d5 {[%clk 0:00:32]} 36. Ra2
{[%clk 0:00:13]} h4 {[%clk 0:00:32]} 37. gxh4 {[%clk 0:00:13]} gxh4
{[%clk 0:00:33]} 38. Rg2 {[%clk 0:00:14]} Rc4 {[%clk 0:00:30]} 39. Rg8
{[%clk 0:00:11]} Rbc6 {[%clk 0:00:31]} 40. Ra3 {[%clk 0:00:07]} e4+
{[%clk 0:00:30]} 41. fxe4+ {[%clk 0:00:07]} Rxe4 {[%clk 0:00:30]} 42. Ra1
{[%clk 0:00:07]} Rec4 {[%clk 0:00:21]} 43. Rf8+ {[%clk 0:00:05]} Ke5
{[%clk 0:00:22]} 44. Ra3 {[%clk 0:00:04]} Rf4 {[%clk 0:00:19]} 45. Rxf4
{[%clk 0:00:03]} Kxf4 {[%clk 0:00:20]} 46. Kd4 {[%clk 0:00:05]} Rc4+
{[%clk 0:00:12]} 47. Kd3 {[%clk 0:00:06]} Rc6 {[%clk 0:00:12]} 48. Kd4
{[%clk 0:00:08]} Rc4+ {[%clk 0:00:06]} 49. Kd3 {[%clk 0:00:10]} Kg3
{[%clk 0:00:07]} 50. Rxa6 {[%clk 0:00:10]} Kxh3 {[%clk 0:00:07]} 51. Rxe6
{[%clk 0:00:11]} Kg3 {[%clk 0:00:05]} 52. Rg6+ {[%clk 0:00:08]} Kf3
{[%clk 0:00:05]} 53. Rf6+ {[%clk 0:00:07]} Rf4 {[%clk 0:00:06]} 54. Rh6
{[%clk 0:00:05]} Kg3 {[%clk 0:00:04]} 55. b5 {[%clk 0:00:06]} h3 {[%clk 0:00:05]}
56. b6 {[%clk 0:00:08]} Rf7 {[%clk 0:00:05]} 57. Kd4 {[%clk 0:00:09]} h2
{[%clk 0:00:05]} 58. Kxd5 {[%clk 0:00:08]} Rf5+ {[%clk 0:00:05]} 59. Kc4
{[%clk 0:00:05]} Rf4+ {[%clk 0:00:06]} 60. Kd3 {[%clk 0:00:04]} Rf3+
{[%clk 0:00:06]} 61. Kc4 {[%clk 0:00:05]} Rf4+ {[%clk 0:00:07]} 62. Kd3
{[%clk 0:00:06]} Rf3+ {[%clk 0:00:08]} 63. Kd4 {[%clk 0:00:06]} Rf4+
{[%clk 0:00:08]} 64. Kd3 {[%clk 0:00:06]} Rf6 {[%clk 0:00:08]} 65. Rxf6
{[%clk 0:00:04]} h1=Q {[%clk 0:00:07]} 66. Rd6 {[%clk 0:00:03]} Qd1+
{[%clk 0:00:08]} 67. Kd4 0-1

[Event "European Individual Blitz Chess Championship 2016"]
[Site "?"]
[Date "2016.12.18"]
[Round "19.17"]
[White "Kobalia, Mikhail"]
[Black "Zelbel, Patrick"]
[Result "1-0"]
[BlackElo "2539"]
[WhiteElo "2625"]
[LiveChessVersion "1.4.7"]

1. e4 {[%clk 0:03:03]} e5 {[%clk 0:03:03]} 2. Nf3 Nc6 3. Bc4 {[%clk 0:03:03]} Nf6
{[%clk 0:03:06]} 4. d3 {[%clk 0:03:04]} Bc5 {[%clk 0:03:07]} 5. O-O
{[%clk 0:03:02]} O-O {[%clk 0:03:08]} 6. a4 {[%clk 0:03:02]} a6 {[%clk 0:03:03]}
7. h3 {[%clk 0:03:01]} h6 {[%clk 0:02:50]} 8. Re1 {[%clk 0:03:02]} d6
{[%clk 0:02:51]} 9. c3 {[%clk 0:02:51]} Be6 {[%clk 0:02:51]} 10. Bxe6
{[%clk 0:02:42]} fxe6 {[%clk 0:02:52]} 11. Nbd2 {[%clk 0:02:41]} Qe8
{[%clk 0:02:36]} 12. Nf1 {[%clk 0:02:40]} Nh5 {[%clk 0:02:27]} 13. b4
{[%clk 0:02:22]} Bb6 {[%clk 0:02:27]} 14. Be3 {[%clk 0:02:19]} Bxe3
{[%clk 0:02:22]} 15. Nxe3 {[%clk 0:02:16]} Nf4 {[%clk 0:02:14]} 16. Kh2
{[%clk 0:02:15]} Qh5 {[%clk 0:02:07]} 17. Ng1 {[%clk 0:02:06]} Qg5
{[%clk 0:01:47]} 18. g3 {[%clk 0:01:57]} Ng6 {[%clk 0:00:47]} 19. Ra2
{[%clk 0:01:47]} Rf7 {[%clk 0:00:45]} 20. Qg4 {[%clk 0:01:29]} Qxg4
{[%clk 0:00:43]} 21. hxg4 {[%clk 0:01:19]} Raf8 {[%clk 0:00:42]} 22. Kg2
{[%clk 0:01:19]} Nce7 {[%clk 0:00:35]} 23. b5 {[%clk 0:01:19]} Ra8
{[%clk 0:00:32]} 24. b6 {[%clk 0:01:10]} c6 {[%clk 0:00:29]} 25. Nc4
{[%clk 0:01:06]} Rd8 {[%clk 0:00:31]} 26. d4 {[%clk 0:00:54]} Nc8
{[%clk 0:00:30]} 27. a5 {[%clk 0:00:50]} exd4 {[%clk 0:00:28]} 28. cxd4 d5 29.
exd5 {[%clk 0:00:51]} exd5 {[%clk 0:00:28]} 30. Ne5 {[%clk 0:00:47]} Nxe5
{[%clk 0:00:29]} 31. dxe5 {[%clk 0:00:42]} g5 {[%clk 0:00:26]} 32. Ne2
{[%clk 0:00:36]} d4 {[%clk 0:00:26]} 33. Rc1 {[%clk 0:00:34]} d3 {[%clk 0:00:21]}
34. Nc3 {[%clk 0:00:34]} Re7 {[%clk 0:00:21]} 35. f4 {[%clk 0:00:34]} gxf4
{[%clk 0:00:18]} 36. gxf4 {[%clk 0:00:35]} Rd4 {[%clk 0:00:19]} 37. Kg3
{[%clk 0:00:33]} d2 {[%clk 0:00:19]} 38. Rd1 {[%clk 0:00:32]} Rd3+
{[%clk 0:00:21]} 39. Kh4 {[%clk 0:00:33]} Rxc3 40. Raxd2 {[%clk 0:00:33]} Kf7
{[%clk 0:00:14]} 41. f5 {[%clk 0:00:33]} Rxe5 {[%clk 0:00:13]} 42. Rd7+
{[%clk 0:00:34]} Re7 {[%clk 0:00:14]} 43. Rc7 {[%clk 0:00:36]} Rce3
{[%clk 0:00:05]} 44. Rxc8 {[%clk 0:00:36]} R3e5 {[%clk 0:00:06]} 45. Rdd8
{[%clk 0:00:37]} Rxa5 {[%clk 0:00:07]} 46. Rf8+ {[%clk 0:00:37]} 1-0

[Event "European Individual Blitz Chess Championship 2016"]
[Site "?"]
[Date "2016.12.18"]
[Round "19.20"]
[White "Luch, Michal"]
[Black "Jovanovic, Zoran"]
[Result "1/2-1/2"]
[BlackElo "2585"]
[WhiteElo "2488"]
[LiveChessVersion "1.4.7"]

1. d4 {[%clk 0:03:04]} d6 {[%clk 0:03:02]} 2. e4 {[%clk 0:03:04]} Nf6
{[%clk 0:03:03]} 3. Nc3 {[%clk 0:03:05]} e5 {[%clk 0:03:04]} 4. Nf3
{[%clk 0:03:05]} Nbd7 {[%clk 0:03:05]} 5. Bc4 {[%clk 0:03:05]} Be7
{[%clk 0:03:06]} 6. O-O {[%clk 0:03:05]} O-O {[%clk 0:03:06]} 7. a4
{[%clk 0:03:06]} c6 {[%clk 0:03:07]} 8. h3 {[%clk 0:02:51]} h6 {[%clk 0:02:49]}
9. Re1 {[%clk 0:02:51]} Re8 {[%clk 0:02:49]} 10. b3 {[%clk 0:02:41]} Qc7
{[%clk 0:02:34]} 11. Ba3 {[%clk 0:02:25]} Nf8 {[%clk 0:02:34]} 12. Qd2
{[%clk 0:02:10]} Ng6 {[%clk 0:02:35]} 13. Rad1 {[%clk 0:02:01]} a6
{[%clk 0:02:31]} 14. dxe5 {[%clk 0:01:57]} dxe5 {[%clk 0:02:31]} 15. Bxe7
{[%clk 0:01:53]} Qxe7 {[%clk 0:02:31]} 16. Qd6 {[%clk 0:01:44]} Qxd6
{[%clk 0:02:10]} 17. Rxd6 {[%clk 0:01:44]} b5 {[%clk 0:02:11]} 18. Bf1
{[%clk 0:01:23]} Bb7 {[%clk 0:02:12]} 19. g3 {[%clk 0:01:07]} Kf8
{[%clk 0:02:11]} 20. Bg2 {[%clk 0:00:38]} Red8 {[%clk 0:02:08]} 21. Rdd1
{[%clk 0:00:27]} Ke7 {[%clk 0:02:08]} 22. Nd2 {[%clk 0:00:25]} Nd7
{[%clk 0:01:55]} 23. Bf1 {[%clk 0:00:17]} Nc5 {[%clk 0:01:55]} 24. f3
{[%clk 0:00:16]} Nf8 {[%clk 0:01:39]} 25. b4 {[%clk 0:00:12]} Nce6
{[%clk 0:01:29]} 26. Nb3 {[%clk 0:00:13]} Nd7 {[%clk 0:01:26]} 27. Na5
{[%clk 0:00:14]} Rab8 {[%clk 0:01:26]} 28. axb5 {[%clk 0:00:14]} axb5
{[%clk 0:01:22]} 29. Ne2 {[%clk 0:00:12]} Ba8 {[%clk 0:01:13]} 30. c3
{[%clk 0:00:13]} Nb6 {[%clk 0:01:13]} 31. Nc1 {[%clk 0:00:11]} Na4
{[%clk 0:01:14]} 32. Na2 {[%clk 0:00:09]} Rdc8 {[%clk 0:01:02]} 33. Kf2
{[%clk 0:00:08]} c5 {[%clk 0:01:03]} 34. Rc1 {[%clk 0:00:08]} cxb4
{[%clk 0:00:55]} 35. cxb4 {[%clk 0:00:09]} Nd4 {[%clk 0:00:56]} 36. Rxc8
{[%clk 0:00:08]} Rxc8 {[%clk 0:00:57]} 37. Rc1 {[%clk 0:00:09]} Rxc1
{[%clk 0:00:55]} 38. Nxc1 {[%clk 0:00:10]} g6 {[%clk 0:00:52]} 39. Ke3
{[%clk 0:00:11]} Nc2+ {[%clk 0:00:50]} 40. Kd2 {[%clk 0:00:09]} Nxb4
{[%clk 0:00:52]} 41. Bxb5 {[%clk 0:00:11]} Nb6 {[%clk 0:00:49]} 42. Nc4
{[%clk 0:00:12]} Nxc4+ {[%clk 0:00:50]} 43. Bxc4 {[%clk 0:00:13]} f5
{[%clk 0:00:51]} 44. exf5 {[%clk 0:00:09]} gxf5 {[%clk 0:00:53]} 45. f4
{[%clk 0:00:09]} Kf6 {[%clk 0:00:50]} 46. fxe5+ {[%clk 0:00:10]} Kxe5
{[%clk 0:00:51]} 47. Ke3 {[%clk 0:00:09]} Nc2+ {[%clk 0:00:53]} 48. Kd2
{[%clk 0:00:11]} Nd4 {[%clk 0:00:54]} 49. Ke3 {[%clk 0:00:12]} Nc2+
{[%clk 0:00:48]} 50. Ke4+ 1/2-1/2

[Event "European Individual Blitz Chess Championship 2016"]
[Site "?"]
[Date "2016.12.18"]
[Round "19.24"]
[White "Shkapenko, Pavel"]
[Black "Naiditsch, Arkadij"]
[Result "0-1"]
[BlackElo "2647"]
[WhiteElo "2420"]
[LiveChessVersion "1.4.7"]

1. e4 {[%clk 0:03:02]} c5 {[%clk 0:03:04]} 2. c3 {[%clk 0:03:02]} d6
{[%clk 0:03:04]} 3. d4 {[%clk 0:03:02]} Nd7 {[%clk 0:03:04]} 4. Nf3
{[%clk 0:02:56]} g6 {[%clk 0:03:03]} 5. Bc4 {[%clk 0:02:25]} e6 {[%clk 0:03:03]}
6. O-O {[%clk 0:02:21]} Bg7 {[%clk 0:03:03]} 7. Re1 {[%clk 0:02:22]} Ne7
{[%clk 0:03:04]} 8. a4 {[%clk 0:02:17]} O-O {[%clk 0:03:03]} 9. Bf1
{[%clk 0:02:15]} Nc6 {[%clk 0:02:45]} 10. d5 {[%clk 0:02:10]} exd5
{[%clk 0:02:39]} 11. exd5 {[%clk 0:02:11]} Nce5 {[%clk 0:02:39]} 12. Na3
{[%clk 0:02:05]} Re8 {[%clk 0:02:26]} 13. Bf4 {[%clk 0:01:58]} a6
{[%clk 0:02:10]} 14. Nc4 {[%clk 0:01:45]} Nxc4 {[%clk 0:01:57]} 15. Bxc4
{[%clk 0:01:46]} Rxe1+ {[%clk 0:01:56]} 16. Qxe1 {[%clk 0:01:42]} Nb6
{[%clk 0:01:52]} 17. Nd2 {[%clk 0:01:29]} g5 {[%clk 0:01:40]} 18. Bg3
{[%clk 0:01:08]} f5 {[%clk 0:01:41]} 19. f4 {[%clk 0:01:06]} g4 {[%clk 0:01:39]}
20. Bh4 {[%clk 0:01:04]} Bf6 {[%clk 0:01:25]} 21. Bxf6 {[%clk 0:01:03]} Qxf6
{[%clk 0:01:26]} 22. a5 {[%clk 0:00:58]} Nxc4 {[%clk 0:01:19]} 23. Qe8+
{[%clk 0:00:55]} Qf8 {[%clk 0:00:40]} 24. Qxf8+ {[%clk 0:00:56]} Kxf8 25. Nxc4
{[%clk 0:00:57]} Rb8 {[%clk 0:00:35]} 26. Re1 {[%clk 0:00:47]} Bd7
{[%clk 0:00:34]} 27. Nxd6 {[%clk 0:00:45]} b6 {[%clk 0:00:36]} 28. axb6
{[%clk 0:00:36]} Rxb6 {[%clk 0:00:37]} 29. Nc4 {[%clk 0:00:37]} Rb3
{[%clk 0:00:38]} 30. Rb1 {[%clk 0:00:23]} Be8 {[%clk 0:00:26]} 31. Nd2
{[%clk 0:00:22]} Rb8 {[%clk 0:00:23]} 32. b4 {[%clk 0:00:21]} cxb4
{[%clk 0:00:20]} 33. Rxb4 {[%clk 0:00:21]} Rxb4 {[%clk 0:00:19]} 34. cxb4
{[%clk 0:00:22]} Ke7 {[%clk 0:00:13]} 35. Nc4 {[%clk 0:00:20]} Bb5
{[%clk 0:00:14]} 36. Ne3 {[%clk 0:00:22]} Bd3 {[%clk 0:00:15]} 37. Kf2
{[%clk 0:00:19]} Kd6 {[%clk 0:00:16]} 38. Kg3 {[%clk 0:00:17]} Be4
{[%clk 0:00:11]} 39. Kh4 {[%clk 0:00:18]} Bxd5 {[%clk 0:00:12]} 40. Nxf5+
{[%clk 0:00:17]} Kc7 {[%clk 0:00:11]} 41. Ne3 {[%clk 0:00:18]} Bb3
{[%clk 0:00:11]} 42. f5 {[%clk 0:00:17]} Kb6 {[%clk 0:00:12]} 43. Kxg4
{[%clk 0:00:08]} Kb5 {[%clk 0:00:14]} 44. Kg5 {[%clk 0:00:08]} Kxb4
{[%clk 0:00:14]} 45. Kf6 {[%clk 0:00:08]} a5 {[%clk 0:00:16]} 46. Ke7
{[%clk 0:00:09]} a4 {[%clk 0:00:17]} 47. f6 {[%clk 0:00:11]} Kc3 {[%clk 0:00:13]}
48. f7 {[%clk 0:00:10]} Bxf7 {[%clk 0:00:13]} 49. Kxf7 {[%clk 0:00:11]} a3
{[%clk 0:00:14]} 50. Nd5+ {[%clk 0:00:08]} Kb3 {[%clk 0:00:13]} 51. Nf6
{[%clk 0:00:08]} a2 {[%clk 0:00:13]} 52. g4 {[%clk 0:00:09]} h6 {[%clk 0:00:08]}
53. h4 {[%clk 0:00:09]} a1=Q {[%clk 0:00:08]} 54. g5 {[%clk 0:00:10]} hxg5
{[%clk 0:00:08]} 55. hxg5 {[%clk 0:00:10]} Qa7+ {[%clk 0:00:08]} 56. Kg6
{[%clk 0:00:05]} Kc4 {[%clk 0:00:08]} 57. Kh6 {[%clk 0:00:06]} Qe3
{[%clk 0:00:08]} 58. Kg6 {[%clk 0:00:04]} Kd4 {[%clk 0:00:08]} 59. Kf5
{[%clk 0:00:05]} Qe5+ {[%clk 0:00:08]} 60. Kg6 {[%clk 0:00:06]} Qf4
{[%clk 0:00:08]} 61. Ne8 {[%clk 0:00:06]} Ke5 {[%clk 0:00:08]} 62. Ng7
{[%clk 0:00:07]} Qg3 {[%clk 0:00:07]} 63. Nh5 {[%clk 0:00:08]} Qg1
{[%clk 0:00:08]} 64. Nf6 {[%clk 0:00:08]} Ke6 {[%clk 0:00:08]} 65. Nh7
{[%clk 0:00:09]} Qb1+ {[%clk 0:00:08]} 66. Kg7 {[%clk 0:00:11]} Qb2+
{[%clk 0:00:08]} 67. Kg6 {[%clk 0:00:12]} Ke7 {[%clk 0:00:08]} 68. Nf6
{[%clk 0:00:12]} Kf8 {[%clk 0:00:07]} 69. Nh7+ {[%clk 0:00:12]} Kg8
{[%clk 0:00:08]} 70. Nf6+ {[%clk 0:00:13]} Kh8 {[%clk 0:00:09]} 71. Kf7
{[%clk 0:00:13]} Qb7+ {[%clk 0:00:09]} 72. Kg6 {[%clk 0:00:14]} Qe7
{[%clk 0:00:06]} 73. Kf5 {[%clk 0:00:14]} Kg7 {[%clk 0:00:04]} 74. Nh5+
{[%clk 0:00:15]} Kf7 {[%clk 0:00:05]} 75. g6+ {[%clk 0:00:16]} Kf8
{[%clk 0:00:05]} 76. Nf6 {[%clk 0:00:17]} Qc5+ {[%clk 0:00:06]} 77. Ke6
{[%clk 0:00:12]} Kg7 {[%clk 0:00:07]} 78. Nd7 {[%clk 0:00:12]} Qc6+
{[%clk 0:00:08]} 79. Ke7 {[%clk 0:00:14]} Qc7 {[%clk 0:00:08]} 80. Ke6
{[%clk 0:00:15]} Kxg6 {[%clk 0:00:08]} 81. Ne5+ {[%clk 0:00:16]} Kg7
{[%clk 0:00:08]} 82. Nd7 {[%clk 0:00:17]} Qc6+ {[%clk 0:00:10]} 83. Ke7
{[%clk 0:00:19]} Qe4+ {[%clk 0:00:11]} 84. Kd6 {[%clk 0:00:20]} Qd3+
{[%clk 0:00:12]} 85. Ke7 {[%clk 0:00:21]} Qe2+ {[%clk 0:00:13]} 86. Kd6
{[%clk 0:00:22]} Kf7 {[%clk 0:00:12]} 87. Ne5+ {[%clk 0:00:23]} Kf6
{[%clk 0:00:12]} 88. Nd7+ {[%clk 0:00:24]} Kf5 {[%clk 0:00:13]} 89. Kd5
{[%clk 0:00:25]} Qe6+ {[%clk 0:00:14]} 90. Ke5+ Kxe5 0-1